00806nam a2200229Ia 450000500170000000800410001702000150005808200160007310000150008924501090010425000180021330000400023149000340027165000360030565000450034165000340038626400330042033600270045333700330048033800280051304000350054120220317000754.0160601s2004 ar g 000 0 spa  a950124528404a306.4bP83s1 aPuig, Toni13aSe acabó la diversiónbideas y gestión para la cultura que crea y sostiene ciudadaníacToni Puig a1a. edición a317 páginasbilustracionesc21 cm aPaidóspTramas socialesv28142LEMBaAdministración cultural142LEMBaCulturaxParticipación ciudadana142LEMBaAntropología cultural aBuenos AiresbPaidósc2004 atextobtxt2rdacontent asin mediaciónbn2rdamedia avolumenbnc2rdacarrier aCO-BoRNBPbspaerdacCO-BoRNBP